000
00207 a2200097 4500
001
836
100
_a
Shea,T.E
245
_a
Transmission network & wave filter
260
_a
_b
Nostrand
_c
090
_c
427
_d
427
942
_a
NUST-CAE
_c
M
_c
30567
999
_c
235909
_d
235909